|
|
|
|
| LEADER |
00000nam0a2200000 4500 |
| 001 |
29449 |
| 005 |
20231030203456.0 |
| 010 |
|
|
|a 5799004957
|
| 035 |
|
|
|a (RuTPU)RU\TPU\book\29713
|
| 035 |
|
|
|a BOOK00000007
|
| 090 |
|
|
|a 29449
|
| 100 |
|
|
|a 20011209d2001 u y0rusy50 ca
|
| 101 |
0 |
|
|a rus
|
| 102 |
|
|
|a RU
|
| 105 |
|
|
|a f 000|y
|
| 200 |
1 |
|
|a Платежи во внебюджетные фонды
|e Учебно-практическое пособие
|f Э. А. Челышева
|
| 210 |
|
|
|a Москва
|c Приор
|d 2001
|
| 215 |
|
|
|a 128 с.
|
| 610 |
1 |
|
|a экономика
|
| 610 |
1 |
|
|a внебюджетные фонды
|
| 610 |
1 |
|
|a платежи
|
| 610 |
1 |
|
|a социальные налоги
|
| 610 |
1 |
|
|a социальное страхование
|
| 610 |
1 |
|
|a пенсионный фонд
|
| 610 |
1 |
|
|a фонд занятости
|
| 610 |
1 |
|
|a медицинское страхование
|
| 610 |
1 |
|
|a учебные пособия
|
| 686 |
|
|
|a У9(2)271я7
|v LBC/SL-A
|2 rubbk
|
| 700 |
|
1 |
|a Челышева
|g Эльвира Александровна
|
| 801 |
|
0 |
|a RU
|b 63413507
|c 20011209
|g PSBO
|
| 801 |
|
2 |
|a RU
|b 63413507
|c 20120214
|g PSBO
|
| 942 |
|
|
|c BK
|